Obálka Náhled e-knihy:
PDF Epub
Pro půjčování e-knih musíte být přihlášeni.
Jak si půjčit online?

Nejznámější světové pohádky /

Andrew Lang   (1844 - 1912) byl skotský básník, spisovatel, literární kritik a přispěvatel do oblasti antropologie. Je znám především jako sběratel lidových a pohádkových příběhů.  E-kniha nabízí nejznámější pohádkové příběhy v původní verzi -   ŠÍPKOVÁ RŮŽENKA A...

Celý popis

Uloženo v:
Série:Nejznámější světové pohádky, část 1
Hlavní autor: Lang, Andrew (Autor)
Médium: E-kniha
Jazyk:Czech
Vydáno: Praha : Splendidum družstvo, 2024
Příbuzné jednotky:Z cyklu:: Nejznámější světové pohádky
Tagy:
Žádné tagy
LEADER 01701nam a22002417i 4500
001 312275
007 ta
008 260601s2024 xr ||||| |||| 00| 0 cze d
020 |a 9990003960252 
044 |a xr 
100 1 |a  Lang, Andrew  |4 aut 
245 1 0 |a Nejznámější světové pohádky /  |c  Lang, Andrew 
240 1 0 |a The Blue Fairy Book 
264 1 |a Praha :  |b Splendidum družstvo,  |c 2024 
300 |a 1 online zdroj (161 stran) 
336 |a text  |b txt  |2 rdacontent 
337 |a bez média  |b n  |2 rdamedia 
338 |a online zdroj  |b cr  |2 rdacarrier 
520 2 |a Andrew Lang   (1844 - 1912) byl skotský básník, spisovatel, literární kritik a přispěvatel do oblasti antropologie. Je znám především jako sběratel lidových a pohádkových příběhů.  E-kniha nabízí nejznámější pohádkové příběhy v původní verzi -   ŠÍPKOVÁ RŮŽENKA A KRÁLOVNA LIDOŽROUTKA BRONZOVÝ PRSTEN PRINC HYACINT S DLOUHÝM NOSEM ZAKLETÝ PRINC A CHUDÁ DÍVKA ŽLUTÝ TRPASLÍK ČERVENÁ KARKULKA POPELKA A SKLENĚNÝ STŘEVÍČEK ALADIN A KOUZELNÁ LAMPA MLADÍK, KTERÝ CHCE ZJISTIT, CO JE TO STRACH KRÁSKA A ZVÍŘE KRÁSNÁ SLUŽEBNÁ RAMPAJZLÍK 
787 0 8 |g 1  |i Z cyklu:  |t Nejznámější světové pohádky 
910 |a RBIT002 
998 |d 396025  |a https://core.palmknihy.cz/api/books/396025/cover?s7xmse  |b https://core.palmknihy.cz/api/books/396025/cover/400?s7xmse  |c https://core.palmknihy.cz/api/books/396025/cover/50?s7xmse  |e   |g 161  |i 9990003960252  |j https://core.palmknihy.cz/api/books/396025/preview.epub  |k https://core.palmknihy.cz/api/books/396025/preview.pdf  |l   |q 49  |r 1  |s https://www.palmknihy.cz/kniha/396025  |t ebook  |y 2024  |z 1  |v Nejznámější světové pohádky  |w 1 
999 |d 312273